| 000 | 00455 a2200133 4500 | ||
|---|---|---|---|
| 020 | _a0312399154 | ||
| 035 | _a(DLC) 2002112253 | ||
| 040 |
_aDLC _bDLC |
||
| 100 | 1 | _aAnker, Susan. | |
| 245 | 1 | 0 |
_aReal essays with readings: writing projects for college, work, and everyday life _bwriting projects for college, work, and everyday life _cSusan. Anker. |
| 260 |
_aBoston, MA : _bBedford/St. Martin's, _c2003. |
||
| 300 |
_ap. _ccm. |
||
| 942 |
_cBK _k808.42 ANK _2ddc |
||
| 999 |
_c4740 _d4740 |
||